| 000 | 00419cam a22001337a 4500 | ||
|---|---|---|---|
| 008 | 180718b1950 xxu||||| |||| 00| 0 eng d | ||
| 082 | _aR719 x42 B815 | ||
| 100 | _aBrown, W.R. | ||
| 245 |
_aIndustrial democracy at work: a factual survey _cby W.R. Brown and N.A. Howell-Everson |
||
| 260 |
_aLondon _bPitman _c1950 |
||
| 300 | _a104p. | ||
| 650 | _aUnion - Management Cooperation - U.K. | ||
| 700 | _aHowell-Everson, N.A. | ||
| 999 |
_c361213 _d361213 |
||